Normal view
MARC view
Entry Personal Name
001 - CONTROL NUMBER
- control field: 35137
003 - CONTROL NUMBER IDENTIFIER
- control field: dpl
005 - DATE AND TIME OF LATEST TRANSACTION
- control field: 20110930162000.0
008 - FIXED-LENGTH DATA ELEMENTS
- fixed length control field: 110930|||a|||||| | ||| d
040 ## - CATALOGING SOURCE
- Original cataloging agency: dpl
- Transcribing agency: dpl
100 ## - HEADING--PERSONAL NAME
- Personal name: Neog, Maheswar
670 ## - SOURCE DATA FOUND
- Source citation: Work cat.: (dpl): Neog, Maheswar , The resuscitation of the assamese language by the American baptist missionaries /, 2008
670 ## - SOURCE DATA FOUND
- Source citation: Work cat.: (dpl): Neog, Maheswar , The resuscitation of the assamese language by the American baptist missionaries /, 2008
